| 000 | 00429nam a2200181Ia 4500 | ||
|---|---|---|---|
| 008 | 230524s9999 xx 000 0 und d | ||
| 020 | _a8174092056 | ||
| 082 | _bVAZ | ||
| 100 | _aV.N.Vazirani | ||
| 245 | 0 | _aAnalysis of Structures Vol-II | |
| 250 | _a6 | ||
| 260 |
_aDelhi _bkhanna publishers _c2015 |
||
| 300 | _a"xvi,1333p;" | ||
| 500 | _aQuantity Number: 2 | ||
| 650 | _aCivil | ||
| 700 | _aM.M.Ratwani | ||
| 942 | _cBK | ||
| 999 |
_c58599 _d58599 |
||